LEADER 01293nam a2200265 a 4500 001 000000156039 003 CaOOAMICUS 005 20161109123906.0 008 161109s1998 it d u000 u ita r 032 $aLibriCat 040 $aPUL$bita 100 1 $aDe Francesco, Maria Antonella.$0(OLS)http://pul/name/99450 245 12$aL'adozione internazionale : $bfallimento e riuscita nei casi di affidamento preadottivo / $cMaria Antonella De Francesco . 260 $aRoma :$b[s.n.],$c1998. 300 $a196 p. : $bgraf. ;$c24 cm. 502 $aDissertatio ad lauream in facultate Philosophiae apud Pontificiam Universitatem S. Thomae de Urbe.1995. 504 $aBibliografia in nota a piè pagina. 650 04$aAdozione$xLegislazione.$0(OLS)http://pul/subject/33924 710 2 $aPontificia Università S. Tommaso.$bFacoltà di filosofia.$kTesi.$0(OLS)http://pul/name/83008 850 $aPUL 852 $aPUL$W1$xDP1 Tesi Pon. Univ. S. Tommaso$y44$mTH S.THOM 1032$j179214$qTesi$B182379$CPULBib$Z2$F182379 $H78801 $82 941 1 $a16 996 $6245$aL'adozione internazionale : $bfallimento e riuscita nei casi di affidamento preadottivo / $9(OLS)http://pul/title/195681 996 $6260$aRoma :$b[s.n.]$9(OLS)http://pul/publisher/47958 LEADER 01305nam a2200289 a 4500 001 000000137821 003 CaOOAMICUS 005 20140324105214.0 008 140324s2002 vc u000 u ita r 020 $a88-88353-03-8 040 $aPUL$bita 100 1 $aFabro, Cornelio,$cc.p.s.,$d1911-1995.$0(OLS)http://pul/name/634 245 10$aCommento al Pater noster /$cCornelio Fabro ; a cura di Marcelo Sánchez Sorondo ; presentazione di Abelardo Lobato. 260 $aCittà del Vaticano :$bPontificia accademia di San Tommaso d'Aquino,$c©2002. 300 $a102 p. ;$c17 cm 490 1 $aExtra serie ;$v02 630 04$aPater noster.$0(OLS)http://pul/subject/2132 700 1 $aLobato, Abelardo,$cO.P.$0(OLS)http://pul/name/27129 700 1 $aSánchez Sorondo, Marcelo,$cvescovo di Vescovio,$d1942-$0(OLS)http://pul/name/457 830 0$aExtra serie ;$v02.$0(OLS)http://pul/title/174523 850 $aPUL 852 $aPUL$W1$xDP1 Fondo E. Rossi$y115$m7 A 92$j158871$qFondi$B158393$CPULBib$Z2$F158393 $82 941 1 $a1 996 $6020$a88-88353-03-8$9(OLS)http://pul/number/154875 996 $6245$aCommento al Pater noster$9(OLS)http://pul/title/174522 996 $6260$aCittà del Vaticano :$bPontificia accademia di San Tommaso d'Aquino$9(OLS)http://pul/publisher/82654